[Event "Württ Kandidatenturnier"]
[Site "Stuttgart"]
[Date "2015.09.05"]
[Round "8.1"]
[White "Klaus, Dominik"]
[Black "Maisch, Julian"]
[Result "0-1"]
[WhiteElo "1980"]
[BlackElo "2042"]
[PlyCount "80"]
[EventDate "2015.??.??"]
[EventCountry "GER"]
[WhiteTeam "Ssg Fils-Lauter"]
[BlackTeam "SF Kornwestheim"]

1. d4 {[%emt 0:00:00]} Nf6 {[%emt 0:00:00]} 2. c4 c5 3. d5 g6 4. Nc3 Bg7 5. e4
d6 6. Nf3 O-O 7. Be2 Na6 8. O-O Nc7 9. h3 Bd7 10. a4 Rb8 11. Re1 Nfe8 12. Bd3
e5 13. dxe6 Nxe6 14. e5 Bc6 15. Be4 Bxe4 16. Rxe4 dxe5 17. Nxe5 Qxd1+ 18. Nxd1
Nd6 19. Re2 Nd4 20. Re3 Nc2 21. Nd7 Nxa1 22. Rd3 Nxc4 23. Nxf8 Kxf8 24. Bf4 Re8
25. Ne3 Nxe3 26. Bxe3 b6 27. Rd7 Nc2 28. Bf4 Re1+ 29. Kh2 Be5 30. Bxe5 Rxe5 31.
Rxa7 Nb4 32. Rb7 Re6 33. a5 bxa5 34. Rb5 Nd3 35. Rxa5 Rb6 36. Ra3 Nxf2 37. Rc3
Ne4 38. Rc2 f5 39. g4 Kf7 40. Kg2 Rb3 0-1

[Event "Württ Kandidatenturnier"]
[Site "Stuttgart"]
[Date "2015.09.05"]
[Round "8.2"]
[White "Petzelberger, Ferdinand"]
[Black "Mareck, Sascha"]
[Result "1/2-1/2"]
[WhiteElo "1934"]
[BlackElo "2165"]
[PlyCount "80"]
[EventDate "2015.??.??"]
[EventCountry "GER"]
[WhiteTeam "VfL Sindelfingen"]
[BlackTeam "SV Nürtingen"]

1. e4 c5 2. Nf3 d6 3. d4 cxd4 4. Nxd4 Nf6 5. Nc3 a6 6. Bg5 e6 7. f4 Qc7 8. Qf3
Nbd7 9. O-O-O b5 10. g4 Bb7 11. Bxf6 Nxf6 12. g5 Nd7 13. f5 e5 14. Nb3 Be7 15.
Rg1 Rc8 16. Qf2 Nc5 17. Nxc5 Qxc5 18. Qxc5 Rxc5 19. a3 Kd7 20. Rg3 Rxc3 21.
bxc3 Bxe4 22. Bd3 Bc6 23. Kb2 e4 24. Bf1 d5 25. c4 bxc4 26. Bxc4 Bd6 27. Rg2
Be5+ 28. c3 Kc7 29. Bxd5 Rd8 30. Bb3 Rb8 31. Ka2 e3 32. Bd5 Bd7 33. Be4 Bb5 34.
Bd5 e2 35. Rc1 Kd6 36. Bb3 Bxc3 37. Rxe2 Bxe2 38. Rxc3 Rb5 39. Re3 Bg4 40. f6
gxf6 1/2-1/2

[Event "Württ Kandidatenturnier"]
[Site "Stuttgart"]
[Date "2015.09.05"]
[Round "8.3"]
[White "Kunert, Günter"]
[Black "Wendler, Werner"]
[Result "1-0"]
[WhiteElo "2040"]
[BlackElo "2056"]
[PlyCount "101"]
[EventDate "2015.??.??"]
[EventCountry "GER"]
[WhiteTeam "SV Dicker Turm Esslingen"]
[BlackTeam "SK Bebenhausen"]

1. e4 e6 2. d4 d5 3. Nd2 c5 4. exd5 exd5 5. Ngf3 Nf6 6. dxc5 Bxc5 7. Nb3 Bb6 8.
Be2 O-O 9. O-O Nc6 10. Nfd4 a6 11. Be3 Ne5 12. c3 Nc4 13. Bxc4 dxc4 14. Nd2
Bxd4 15. Bxd4 Be6 16. Qf3 Ne8 17. Ne4 Bd5 18. Qf4 f5 19. Ng3 Qd6 20. Qxd6 Nxd6
21. Bc5 f4 22. Bxd6 fxg3 23. Bxf8 gxh2+ 24. Kxh2 Rxf8 25. Rad1 Be4 26. f3 Bd3
27. Rfe1 Kf7 28. Re5 Rc8 29. Rd5 Rc7 30. Kg3 Ke6 31. Rd4 g5 32. Re1+ Kf7 33.
Re5 Kf6 34. Red5 h5 35. Rd6+ Ke7 36. R6d5 Kf6 37. Rd7 h4+ 38. Kf2 Rc8 39. Rxb7
Re8 40. Rd6+ Kf5 41. Rf7+ Ke5 42. Rb6 Kd5 43. Rg7 Re2+ 44. Kg1 Kc5 45. Rxa6 Kb5
46. Rh6 Re5 47. Rh5 h3 48. Rhxg5 Bf5 49. Rf7 Ka4 50. gxh3 Re2 51. b3+ 1-0

[Event "Württ Kandidatenturnier"]
[Site "Stuttgart"]
[Date "2015.09.05"]
[Round "8.4"]
[White "Holzinger, Eugen"]
[Black "Quernheim, Daniel"]
[Result "1-0"]
[WhiteElo "2065"]
[BlackElo "2035"]
[PlyCount "155"]
[EventDate "2015.??.??"]
[EventCountry "GER"]
[WhiteTeam "SF HN-Biberach"]
[BlackTeam "SC Botnang"]

1. Nf3 b6 2. g3 Bb7 3. Bg2 f5 4. d4 Nf6 5. c4 e6 6. O-O Be7 7. Nc3 O-O 8. d5
Ne4 9. Nxe4 fxe4 10. Ne1 Bc5 11. Bxe4 Qf6 12. Nd3 Bd4 13. e3 exd5 14. Bxd5+
Bxd5 15. cxd5 Be5 16. Qe2 a5 17. Nxe5 Qxe5 18. e4 Na6 19. Bf4 Rxf4 20. gxf4
Qxf4 21. Qe3 Qxe3 22. fxe3 Re8 23. Rf4 Nc5 24. Kg2 Nxe4 25. Kf3 Nc5 26. Rd1 Re5
27. h4 d6 28. e4 g6 29. Ke3 Kg7 30. Rg1 Nd7 31. Kd4 Re7 32. h5 Ne5 33. Rg3 Rd7
34. b3 Re7 35. a4 Rd7 36. Rf2 Re7 37. Rh2 Rf7 38. h6+ Kf8 39. Rc2 Ke8 40. Ke3
Kd8 41. Rf2 Rxf2 42. Kxf2 Nf7 43. Ke2 Nxh6 44. Rh3 Ng4 45. Rxh7 Ne5 46. Rg7 Kc8
47. Kd2 Kb7 48. Ke3 Kc8 49. Rh7 Kb7 50. Rh3 Ka6 51. Kf4 Kb7 52. Kg5 Kc8 53.
Rh8+ Kd7 54. Kf6 Nd3 55. Rh3 Ne5 56. Rh8 Nd3 57. Rh7+ Kc8 58. Rh3 Nc5 59. Re3
Nd7+ 60. Kxg6 Ne5+ 61. Kf5 Kd7 62. Rg3 Kc8 63. Ke6 Kb8 64. Ke7 Kc8 65. Ke8 Nd7
66. Ke7 Ne5 67. Rg8+ Kb7 68. Rg5 Nd3 69. Kd8 Nc5 70. Rg7 Nxe4 71. Rxc7+ Ka6 72.
Kc8 b5 73. Rc6+ Ka7 74. axb5 Nc5 75. b6+ Ka6 76. b7+ Kb5 77. b8=Q+ Nb7 78.
Qxb7# 1-0

[Event "Württ Kandidatenturnier"]
[Site "Stuttgart"]
[Date "2015.09.05"]
[Round "8.5"]
[White "Klaiß, Thomas"]
[Black "Andreev, Vlad"]
[Result "1/2-1/2"]
[WhiteElo "1979"]
[BlackElo "2046"]
[PlyCount "29"]
[EventDate "2015.??.??"]
[EventCountry "GER"]
[WhiteTeam "SF Dornstetten-Pfalzgrafenweiler"]
[BlackTeam "SF Pfullingen"]

1. e4 c6 2. d4 d6 3. Nc3 Qc7 4. Nf3 Bg4 5. Be2 e5 6. h3 Bh5 7. a3 Nf6 8. O-O
Be7 9. Re1 Nbd7 10. Be3 O-O 11. Nd2 Bg6 12. Bd3 Nh5 13. Ne2 exd4 14. Nxd4 Nc5
15. Nf5 1/2-1/2

[Event "Württ Kandidatenturnier"]
[Site "Stuttgart"]
[Date "2015.09.05"]
[Round "8.6"]
[White "Klaus, Daniel"]
[Black "Zeyher, Marius"]
[Result "1/2-1/2"]
[WhiteElo "1933"]
[BlackElo "1918"]
[PlyCount "53"]
[EventDate "2015.??.??"]
[EventCountry "GER"]
[WhiteTeam "SC Feuerbach"]
[BlackTeam "SpVgg Rommelshausen"]

1. e4 e6 2. d4 d5 3. Nc3 Bb4 4. e5 c5 5. a3 Bxc3+ 6. bxc3 Ne7 7. Nf3 Nbc6 8. h4
Qa5 9. Bd2 Bd7 10. Qb1 O-O-O 11. Qb2 Qc7 12. Bg5 h6 13. Bf4 Rdf8 14. Bg3 Nf5
15. Bh2 g5 16. hxg5 hxg5 17. Nxg5 f6 18. Nf3 fxe5 19. O-O-O cxd4 20. cxd4 Nfxd4
21. Rxd4 Rxh2 22. Rxh2 Nxd4 23. Nxd4 exd4 24. Qxd4 Qf4+ 25. Qxf4 Rxf4 26. f3 e5
27. Rh5 1/2-1/2

[Event "Württ Kandidatenturnier"]
[Site "Stuttgart"]
[Date "2015.09.05"]
[Round "8.7"]
[White "Pflaum, Stefan"]
[Black "Freiherr von Hauff, Christopher V"]
[Result "1-0"]
[WhiteElo "2064"]
[BlackElo "1858"]
[PlyCount "43"]
[EventDate "2015.??.??"]
[EventCountry "GER"]
[WhiteTeam "SC Botnang"]
[BlackTeam "SK Bebenhausen"]

1. d4 f5 2. e4 fxe4 3. Nc3 Nf6 4. g4 c5 5. g5 cxd4 6. gxf6 dxc3 7. fxg7 Bxg7 8.
Qh5+ Kf8 9. Bh6 d5 10. O-O-O cxb2+ 11. Kb1 Be6 12. Bxg7+ Kxg7 13. Qe5+ Kf7 14.
Bh3 Bxh3 15. Nxh3 Rg8 16. Qh5+ Rg6 17. Ng5+ Ke8 18. Nxh7 Qb6 19. Rhg1 Kf7 20.
Nf8 Kxf8 21. Rxg6 Nc6 22. Qf5+ 1-0

[Event "Württ Kandidatenturnier"]
[Site "Stuttgart"]
[Date "2015.09.05"]
[Round "8.8"]
[White "Kolb, Roland"]
[Black "Wendler, David"]
[Result "0-1"]
[WhiteElo "2007"]
[BlackElo "1857"]
[PlyCount "80"]
[EventDate "2015.??.??"]
[EventCountry "GER"]
[WhiteTeam "SF Oeffingen"]
[BlackTeam "SK Bebenhausen"]

1. c4 c5 2. Nc3 g6 3. Nf3 Bg7 4. g3 Nc6 5. Bg2 e5 6. d3 Nge7 7. Bg5 h6 8. Bd2
O-O 9. e4 d6 10. Nd5 f5 11. Nh4 f4 12. Bc3 g5 13. Nxe7+ Nxe7 14. Nf5 Nxf5 15.
exf5 Rxf5 16. Bd5+ Kh8 17. Qe2 Rb8 18. O-O-O Rf6 19. h4 g4 20. gxf4 Rxf4 21.
Bd2 Rf8 22. f3 gxf3 23. Bxf3 b5 24. Be4 Bf5 25. Rdg1 bxc4 26. dxc4 Qd7 27. Rg3
Bxe4 28. Qxe4 Qb7 29. Qxb7 Rxb7 30. Rg6 Rf6 31. Rhg1 Kh7 32. h5 Rbf7 33. Kc2
Bf8 34. Kd3 Rf5 35. b4 Rxh5 36. bxc5 dxc5 37. Ra6 Rd7+ 38. Kc2 Rh2 39. Rd1 Be7
40. Kc1 Rhxd2 0-1

[Event "Württ Kandidatenturnier"]
[Site "Stuttgart"]
[Date "2015.09.05"]
[Round "8.9"]
[White "Meier, Michael"]
[Black "Stark, Timo"]
[Result "1-0"]
[WhiteElo "2013"]
[BlackElo "1851"]
[PlyCount "143"]
[EventDate "2015.??.??"]
[EventCountry "GER"]
[WhiteTeam "SSV Zuffenhausen"]
[BlackTeam "SC Neckarsulm"]

1. d4 d5 2. c4 dxc4 3. e3 Nf6 4. Bxc4 e6 5. Nf3 Be7 6. O-O O-O 7. Nc3 Nbd7 8.
e4 c6 9. Qe2 b5 10. Bd3 a6 11. Bg5 Bb7 12. e5 Nd5 13. Bxe7 Qxe7 14. Nxd5 exd5
15. Bf5 Rad8 16. Rac1 g6 17. Bxd7 Rxd7 18. Rfe1 Re8 19. Qd2 Qf8 20. Re2 Rde7
21. Qb4 Qh6 22. Rec2 Qf4 23. Qd2 Qxd2 24. Rxd2 h6 25. Rdc2 Rc7 26. Ne1 Kf8 27.
Nd3 a5 28. Rc5 Rcc8 29. a4 bxa4 30. Rxa5 Ra8 31. Rxa8 Rxa8 32. Nc5 Ba6 33. Nxa4
Bb5 34. Nc3 Bc4 35. f3 Rb8 36. Rc2 Rb4 37. Kf2 Ke7 38. Ke3 Ba6 39. Na2 Rb3+ 40.
Nc3 f6 41. exf6+ Kxf6 42. Kf2 g5 43. Na4 Bc4 44. Nc5 Rb4 45. Ke3 Kg6 46. Kd2
Rb8 47. Kc3 h5 48. b3 Bb5 49. Nd7 Rb7 50. Ne5+ Kf5 51. g4+ hxg4 52. fxg4+ Ke6
53. Rf2 c5 54. Nf3 Kd6 55. Nxg5 cxd4+ 56. Kxd4 Bd7 57. Nf7+ Kc7 58. g5 Rxb3 59.
g6 Rb4+ 60. Ke5 Rg4 61. Kf6 d4 62. g7 Ba4 63. Nh6 Rh4 64. g8=Q Rxh6+ 65. Kg5
Rd6 66. Qc4+ Bc6 67. Rf7+ Kd8 68. Qb4 Rd5+ 69. Kf4 Bd7 70. Qb8+ Bc8 71. Qc7+
Ke8 72. Qe7# 1-0

[Event "Württ Kandidatenturnier"]
[Site "Stuttgart"]
[Date "2015.09.05"]
[Round "8.10"]
[White "Schuster, Gerhard"]
[Black "Löwe, Joachim"]
[Result "1-0"]
[WhiteElo "2011"]
[BlackElo "1936"]
[PlyCount "87"]
[EventDate "2015.??.??"]
[EventCountry "GER"]
[WhiteTeam "SC Feuerbach"]
[BlackTeam "SK Schmiden/Cannstatt"]

1. e4 c6 2. d4 d5 3. Nd2 dxe4 4. Nxe4 Bf5 5. Ng3 Bg6 6. h4 f6 7. Bc4 Bf7 8.
Bxf7+ Kxf7 9. Nf3 e6 10. Qe2 Bb4+ 11. c3 Ba5 12. Ne4 Bc7 13. Neg5+ fxg5 14.
Nxg5+ Ke8 15. Nxe6 Qe7 16. Nxc7+ Kd7 17. Nxa8 Qxe2+ 18. Kxe2 Nf6 19. Bf4 Na6
20. Be5 Rxa8 21. h5 Re8 22. h6 g6 23. Rae1 c5 24. f4 cxd4 25. Rd1 Ng4 26. Rxd4+
Kc6 27. Rd6+ Kc7 28. Re6+ Kd7 29. Rxe8 Kxe8 30. Bd4 Kf7 31. Bxa7 Nf6 32. Bd4
Nd5 33. Rf1 Ke6 34. g4 Nac7 35. f5+ Kf7 36. c4 Nc3+ 37. Bxc3 Nd5 38. cxd5 gxf5
39. Rxf5+ Kg6 40. Bg7 b5 41. d6 b4 42. d7 b3 43. d8=Q bxa2 44. Qe8# 1-0

[Event "Württ Kandidatenturnier"]
[Site "Stuttgart"]
[Date "2015.09.05"]
[Round "8.11"]
[White "Junginger, Andreas"]
[Black "Heer, Till"]
[Result "0-1"]
[WhiteElo "1999"]
[BlackElo "1912"]
[PlyCount "88"]
[EventDate "2015.??.??"]
[EventCountry "GER"]
[WhiteTeam "SV Reutlingen"]
[BlackTeam "SF Kornwestheim"]

1. e4 c5 2. Nf3 e6 3. d3 Nc6 4. g3 d5 5. Nbd2 Bd6 6. Bg2 Nge7 7. O-O O-O 8. Re1
Bc7 9. Nf1 b6 10. Ne3 d4 11. Ng4 h5 12. Nh6+ gxh6 13. Bxh6 Kh7 14. Bxf8 Qxf8
15. Ng5+ Kg6 16. f4 e5 17. Qd2 Qh6 18. f5+ Kf6 19. h4 Ng8 20. Nf3 Qxd2 21. Nxd2
Ke7 22. Bf3 Nf6 23. Kf2 Ba6 24. a3 Rg8 25. Rg1 Kd7 26. Nf1 c4 27. Ke2 Ng4 28.
Bxg4 Rxg4 29. Kd2 Na5 30. Nh2 Rg7 31. Raf1 cxd3 32. cxd3 Nb3+ 33. Kc2 Nc5 34.
Rf3 f6 35. g4 Bd6 36. g5 Bb7 37. Rfg3 Nxe4 38. dxe4 Bxe4+ 39. Kd2 Bxf5 40. gxf6
Rxg3 41. Rxg3 Ke6 42. Rg5 Kxf6 43. Rxh5 e4 44. Rh6+ Ke7 0-1

[Event "Württ Kandidatenturnier"]
[Site "Stuttgart"]
[Date "2015.09.05"]
[Round "8.12"]
[White "Imhof, Thomas"]
[Black "Ruff, Robert"]
[Result "0-1"]
[WhiteElo "1950"]
[BlackElo "1841"]
[PlyCount "104"]
[EventDate "2015.??.??"]
[EventCountry "GER"]
[WhiteTeam "SGem Vaihingen-Rohr"]
[BlackTeam "SK Sachsenheim"]

1. e4 e6 2. d4 d5 3. Nc3 Bb4 4. e5 c5 5. a3 Bxc3+ 6. bxc3 Ne7 7. Nf3 Nbc6 8.
Be2 Qa5 9. Bd2 c4 10. O-O Bd7 11. Qe1 f6 12. Bf4 O-O-O 13. h3 Rdg8 14. Qd2 Qd8
15. Bh2 f5 16. a4 Na5 17. Qc1 h6 18. Qa3 Nec6 19. Rfb1 g5 20. Nd2 Qe7 21. Qxe7
Nxe7 22. f4 Ng6 23. Rf1 gxf4 24. Bxf4 Nc6 25. a5 Nxf4 26. Rxf4 Ne7 27. Kh2 Ng6
28. Rf2 Rg7 29. Bh5 Rhg8 30. Bxg6 Rxg6 31. Nf3 Be8 32. Nh4 Rg3 33. Ra3 Kc7 34.
a6 b6 35. Rf1 Bh5 36. Rb1 Be8 37. Rf1 b5 38. Rf3 R3g5 39. Rf2 Kb6 40. Nf3 Rg3
41. Rd2 Bh5 42. Rf2 Bxf3 43. gxf3 Rg1 44. h4 h5 45. Ra2 f4 46. Ra3 Re1 47. Ra2
Rgg1 48. Rd2 Rh1+ 49. Kg2 Reg1+ 50. Kf2 Rg3 51. Re2 Rhg1 52. Re4 R3g2# 0-1

[Event "Württ Kandidatenturnier"]
[Site "Stuttgart"]
[Date "2015.09.05"]
[Round "8.13"]
[White "Siegle, Florian"]
[Black "Lüdke, Joshua"]
[Result "0-1"]
[WhiteElo "1944"]
[BlackElo "1823"]
[PlyCount "86"]
[EventDate "2015.??.??"]
[EventCountry "GER"]
[WhiteTeam "Stuttgarter SF"]
[BlackTeam "SV Marbach"]

1. e4 e6 2. d4 d5 3. Nd2 Nf6 4. e5 Nfd7 5. c3 c5 6. Ngf3 Nc6 7. a3 Qb6 8. Qb3
cxd4 9. Qxb6 Nxb6 10. cxd4 Bd7 11. b4 Be7 12. Bb2 Na4 13. Bc1 O-O 14. Nb3 Rfc8
15. Bd3 a5 16. Nc5 Nxc5 17. bxc5 b6 18. cxb6 Rcb8 19. Rb1 Bd8 20. Be3 Rb7 21.
Kd2 Rab8 22. Rhc1 Rxb6 23. Rxb6 Rxb6 24. Rb1 Rxb1 25. Bxb1 Be7 26. Kc2 Bxa3 27.
Bc1 Bxc1 28. Kxc1 f6 29. exf6 gxf6 30. Kd2 h6 31. Bc2 Kf7 32. Kc3 Ke7 33. h4
Kd6 34. g4 e5 35. dxe5+ Nxe5 36. Nxe5 Kxe5 37. Bd1 d4+ 38. Kc4 Be6+ 39. Kd3 Bd7
40. g5 Bb5+ 41. Kd2 fxg5 42. hxg5 hxg5 43. Bb3 a4 0-1

[Event "Württ Kandidatenturnier"]
[Site "Stuttgart"]
[Date "2015.09.05"]
[Round "8.14"]
[White "Schömbs, Oliver"]
[Black "Yi, Danny"]
[Result "1-0"]
[WhiteElo "1917"]
[BlackElo "1745"]
[PlyCount "63"]
[EventDate "2015.??.??"]
[EventCountry "GER"]
[WhiteTeam "SC Ingersheim"]
[BlackTeam "SF Kornwestheim"]

1. e4 e5 2. Nf3 Nc6 3. Bb5 a6 4. Ba4 Nf6 5. d3 d6 6. c3 b5 7. Bc2 Be7 8. h3 O-O
9. Nbd2 Bb7 10. d4 exd4 11. cxd4 Nb4 12. Bb1 Re8 13. O-O Bf8 14. Re1 c5 15. d5
a5 16. Nf1 Qc7 17. a3 Na6 18. Ng3 c4 19. Bg5 Nd7 20. Nd4 b4 21. f4 Nac5 22. Qg4
Bxd5 23. Nh5 Bxe4 24. axb4 Bxb1 25. Raxb1 axb4 26. Nxg7 Rxe1+ 27. Rxe1 Qb6 28.
Ngf5 Kh8 29. Bh6 Bxh6 30. Nxh6 Rf8 31. Re8 Nd3 32. Nxf7# 1-0

[Event "Württ Kandidatenturnier"]
[Site "Stuttgart"]
[Date "2015.09.05"]
[Round "8.15"]
[White "Mierzwa, Robert"]
[Black "Schreiber, Hans"]
[Result "1-0"]
[WhiteElo "1900"]
[BlackElo "1892"]
[PlyCount "43"]
[EventDate "2015.??.??"]
[EventCountry "GER"]
[WhiteTeam "SC Weiße Dame Ulm"]
[BlackTeam "SV Dicker Turm Esslingen"]

1. d4 Nf6 2. c4 e6 3. Nf3 b6 4. g3 Bb7 5. Bg2 d5 6. cxd5 Bxd5 7. Nc3 Bb4 8. O-O
Bxc3 9. bxc3 Nbd7 10. a4 O-O 11. Bf4 Qc8 12. Ne5 Bxg2 13. Kxg2 c5 14. Nd3 Nd5
15. Bd2 Qc6 16. e4 Ne7 17. f3 cxd4 18. cxd4 Qc4 19. Be3 Rfc8 20. Rf2 Nc6 21.
Rc2 Qa6 22. Rxc6 1-0

[Event "Württ Kandidatenturnier"]
[Site "Stuttgart"]
[Date "2015.09.05"]
[Round "8.16"]
[White "Engelhardt, Frank"]
[Black "Bangert, Udo"]
[Result "0-1"]
[WhiteElo "1794"]
[BlackElo "1917"]
[PlyCount "141"]
[EventDate "2015.??.??"]
[EventCountry "GER"]
[WhiteTeam "SC Botnang"]
[BlackTeam "SC Grunbach"]

1. d4 {[%emt 0:00:00]} Nf6 {[%emt 0:00:00]} 2. Nf3 e6 3. Bf4 b6 4. e3 Bb7 5.
Nbd2 d5 6. Bd3 Nbd7 7. h3 Be7 8. Qe2 c5 9. c3 Ne4 10. Bc2 O-O 11. Nxe4 dxe4 12.
Nd2 Nf6 13. O-O-O Qc8 14. Be5 Rd8 15. Bxf6 Bxf6 16. Nxe4 Bxe4 17. Bxe4 Rb8 18.
Qh5 Kf8 19. d5 exd5 20. Bxd5 Qc7 21. f4 Kg8 22. Qf3 b5 23. e4 c4 24. e5 Be7 25.
Qe4 Rdc8 26. Rd4 Bc5 27. Rd2 Be7 28. Rhd1 b4 29. cxb4 Bxb4 30. Rd4 c3 31. b3
Qa5 32. Qc2 Rd8 33. Be4 g6 34. e6 Rxd4 35. exf7+ Kxf7 36. Rxd4 Rd8 37. Rxd8
Qxd8 38. Qd3 Qxd3 39. Bxd3 Kf6 40. g4 h6 41. Kd1 g5 42. f5 Ke5 43. Ke2 Kf4 44.
Kf2 Bc5+ 45. Kg2 Ke3 46. Bc2 Kd2 47. Be4 c2 48. Bxc2 Kxc2 49. Kf3 Kd3 50. Kg3
Bb4 51. Kf3 Be7 52. Kf2 Ke4 53. Kg3 Ke3 54. Kg2 Kf4 55. Kf2 Bc5+ 56. Kg2 Ke3
57. Kg3 Bd6+ 58. Kg2 Ke2 59. f6 Ke3 60. f7 Ke4 61. Kf2 Ke5 62. Ke3 Kf6 63. Kd4
Kxf7 64. Kc4 a5 65. Kb5 Bb4 66. a3 Bxa3 67. Kxa5 Ke6 68. b4 Ke5 69. b5 Kf4 70.
b6 Kg3 71. Kb5 0-1

[Event "Württ Kandidatenturnier"]
[Site "Stuttgart"]
[Date "2015.09.05"]
[Round "8.17"]
[White "Mayer, Dietmar"]
[Black "Zimmermann, Tobias"]
[Result "1/2-1/2"]
[WhiteElo "1747"]
[BlackElo "1804"]
[PlyCount "53"]
[EventDate "2015.??.??"]
[EventCountry "GER"]
[WhiteTeam "SC Böblingen"]
[BlackTeam "SC Botnang"]

1. Nf3 Nf6 2. c4 c5 3. g3 b6 4. Bg2 Bb7 5. O-O e6 6. Nc3 a6 7. d4 cxd4 8. Qxd4
Qc7 9. Rd1 d6 10. b3 Nbd7 11. e4 e5 12. Qe3 Nc5 13. Nd2 Be7 14. Nd5 Nxd5 15.
cxd5 O-O 16. Bb2 a5 17. Rac1 b5 18. a3 Qd7 19. a4 bxa4 20. Nc4 Qb5 21. bxa4
Nxa4 22. Ba3 f6 23. Bxd6 Bxd6 24. Nxd6 Qd7 25. Nxb7 Qxb7 26. Rb1 Qd7 27. Rdc1
1/2-1/2

[Event "Württ Kandidatenturnier"]
[Site "Stuttgart"]
[Date "2015.09.05"]
[Round "8.18"]
[White "Tölg, Wolfgang"]
[Black "Langjahr, Marius"]
[Result "0-1"]
[WhiteElo "1691"]
[BlackElo "1784"]
[PlyCount "122"]
[EventDate "2015.??.??"]
[EventCountry "GER"]
[WhiteTeam "SF Oeffingen"]
[BlackTeam "SK Sachsenheim"]

1. e4 e6 2. d4 d5 3. e5 c5 4. c3 Nc6 5. Nf3 Bd7 6. Be2 Qb6 7. O-O cxd4 8. cxd4
g5 9. h3 h5 10. Nxg5 Qxd4 11. Nf3 Qxd1 12. Rxd1 Bg7 13. Bf4 Nge7 14. Bd3 Nb4
15. Nc3 Nxd3 16. Rxd3 Ng6 17. Bh2 Rc8 18. Re1 O-O 19. Nd4 a6 20. f4 Ne7 21. g4
hxg4 22. hxg4 Nc6 23. a3 Rfe8 24. g5 Nxd4 25. Rxd4 Bf8 26. Kg2 Bc5 27. Rd3 Bc6
28. Kg3 Red8 29. Red1 Re8 30. R1d2 Rc7 31. Kg4 Rec8 32. Ne2 Bb5 33. Rc3 Bxe2+
34. Rxe2 Ba7 35. Rb3 b5 36. Bg3 Rc4 37. Rd3 Rc2 38. Rdd2 Rxd2 39. Rxd2 Rc4 40.
Bf2 Bxf2 41. Rxf2 a5 42. Kf3 Kg7 43. Rd2 Kg6 44. Kg4 Rc1 45. Rf2 a4 46. Rh2 Rc4
47. Rh6+ Kg7 48. Rh2 b4 49. axb4 Rxb4 50. Rd2 Kg6 51. Rh2 Rb3 52. Rh6+ Kg7 53.
Rh2 Rd3 54. Rc2 Kg6 55. Rh2 d4 56. Rh6+ Kg7 57. Rh2 Re3 58. Rc2 d3 59. Rc4 Re1
60. Rd4 Rd1 61. Rxa4 d2 0-1

[Event "Württ Kandidatenturnier"]
[Site "Stuttgart"]
[Date "2015.09.05"]
[Round "8.19"]
[White "Bauer, Dieter"]
[Black "Offergeld, Detlef"]
[Result "1/2-1/2"]
[WhiteElo "1704"]
[BlackElo "1721"]
[PlyCount "136"]
[EventDate "2015.??.??"]
[EventCountry "GER"]
[WhiteTeam "SF Kornwestheim"]
[BlackTeam "SF HN-Biberach"]

1. d4 Nf6 2. Nf3 d5 3. e3 e6 4. Bd3 Be7 5. Nbd2 O-O 6. O-O c5 7. b3 Nc6 8. Bb2
cxd4 9. exd4 Bd7 10. Ne5 Rc8 11. a3 a6 12. f4 Ne8 13. f5 Nxe5 14. dxe5 exf5 15.
Bxf5 Bxf5 16. Rxf5 Qb6+ 17. Kh1 f6 18. Nf3 g6 19. Rf4 Kg7 20. exf6+ Bxf6 21.
Bxf6+ Nxf6 22. Nd4 Ne4 23. Qg1 Qd6 24. Rxf8 Rxf8 25. Nf3 g5 26. Qd4+ Kg6 27.
Ne5+ Kh6 28. Re1 Rf5 29. Ng4+ Kg6 30. Kg1 Qf4 31. Qb6+ Nf6 32. Nf2 d4 33. Nd3
Qd2 34. Qxd4 Qxc2 35. Ne5+ Kg7 36. Ng4 Kg6 37. Nxf6 Rxf6 38. Qe3 Qc7 39. Qe4+
Kg7 40. Qe3 h6 41. Qd4 Kf7 42. Qd5+ Kg7 43. Qd4 Qb6 44. Qxb6 Rxb6 45. b4 Kf6
46. Kf2 Rb5 47. Rd1 Ke5 48. Ke3 a5 49. Rd4 h5 50. h4 g4 51. g3 axb4 52. axb4
Rb6 53. Re4+ Kf5 54. Rf4+ Kg6 55. Kd3 Ra6 56. Rd4 Ra3+ 57. Ke4 Rxg3 58. Rd6+
Kf7 59. Rh6 Rb3 60. Rxh5 Rxb4+ 61. Ke3 Kg6 62. Rg5+ Kh6 63. Kd3 b5 64. Kc3 Rf4
65. Rxb5 g3 66. Rg5 Ra4 67. Kb3 Rf4 68. Rxg3 Kh5 1/2-1/2

[Event "Württ Kandidatenturnier"]
[Site "Stuttgart"]
[Date "2015.09.05"]
[Round "8.20"]
[White "Schreiber, Stephan"]
[Black "Nam, Seung-Zin"]
[Result "1-0"]
[WhiteElo "1792"]
[BlackElo "1608"]
[PlyCount "79"]
[EventDate "2015.??.??"]
[EventCountry "GER"]
[WhiteTeam "SC Botnang"]
[BlackTeam "SK Bebenhausen"]

1. d4 f5 2. Bf4 Nf6 3. e3 e6 4. Nf3 Be7 5. h3 b6 6. Be2 Bb7 7. O-O d6 8. c4 O-O
9. Nc3 Nbd7 10. Ng5 e5 11. Ne6 Qc8 12. Nxf8 exf4 13. Nxd7 Qxd7 14. exf4 Ne4 15.
Nxe4 fxe4 16. Bg4 Qe8 17. Be6+ Kh8 18. d5 Bf6 19. Qc2 e3 20. fxe3 Qh5 21. e4
Bd4+ 22. Kh1 Qh4 23. Qd2 Bf6 24. Qf2 Qh5 25. Bg4 Qe8 26. Rae1 Ba6 27. e5 dxe5
28. fxe5 Be7 29. b3 Qd8 30. Qf7 b5 31. Be2 bxc4 32. Bxc4 Bb7 33. Qe6 Bb4 34.
Re4 a5 35. Ref4 Bc8 36. Qf7 Bb7 37. d6 Bxg2+ 38. Kxg2 Qg5+ 39. Rg4 Qd2+ 40. Rf2
1-0

[Event "Württ Kandidatenturnier"]
[Site "Stuttgart"]
[Date "2015.09.06"]
[Round "9.1"]
[White "Maisch, Julian"]
[Black "Holzinger, Eugen"]
[Result "1-0"]
[WhiteElo "2042"]
[BlackElo "2065"]
[PlyCount "131"]
[EventDate "2015.??.??"]
[EventCountry "GER"]
[WhiteTeam "SF Kornwestheim"]
[BlackTeam "SF HN-Biberach"]

1. e4 c5 2. Nf3 Nc6 3. Bb5 g6 4. O-O Bg7 5. c3 Qb6 6. Na3 a6 7. Bc4 d6 8. Re1
Na5 9. e5 dxe5 10. Nxe5 Bxe5 11. Rxe5 Nxc4 12. Nxc4 Qc7 13. d4 cxd4 14. Qxd4
Be6 15. Rxe6 Rd8 16. Nd6+ Rxd6 17. Rxd6 Qxd6 18. Qxd6 exd6 19. Bf4 d5 20. g4
Kd7 21. Be5 f6 22. Bd4 h6 23. Rd1 Rh7 24. Bc5 Kc6 25. Ba3 h5 26. g5 Rf7 27. Re1
Kd7 28. gxf6 Rxf6 29. Re5 Rf5 30. Rxf5 gxf5 31. Kg2 Nf6 32. f3 Ke6 33. Kg3 Ke5
34. Bc5 h4+ 35. Kf2 Nh5 36. Bb6 f4 37. Kg2 Kf5 38. Kh3 Nf6 39. Kxh4 Ne8 40. b3
Nd6 41. a4 Nf7 42. Kh3 Ne5 43. Kg2 Nd3 44. Kf1 Nc1 45. Ke1 Nd3+ 46. Ke2 Ne5 47.
Bc7 Nf7 48. h4 Nh8 49. Kd3 Ng6 50. h5 Nf8 51. h6 Kg5 52. Kd4 Kxh6 53. Bxf4+ Kg6
54. Kxd5 Kf5 55. Bg3 Ne6 56. a5 Ng5 57. Kc5 Nxf3 58. Kb6 Nd2 59. b4 Ne4 60.
Kxb7 Nxg3 61. Kxa6 Ne4 62. Kb7 Nd6+ 63. Kc6 Ke6 64. b5 Nc4 65. a6 Na5+ 66. Kc7
1-0

[Event "Württ Kandidatenturnier"]
[Site "Stuttgart"]
[Date "2015.09.06"]
[Round "9.2"]
[White "Kunert, Günter"]
[Black "Petzelberger, Ferdinand"]
[Result "1-0"]
[WhiteElo "2040"]
[BlackElo "1934"]
[PlyCount "115"]
[EventDate "2015.??.??"]
[EventCountry "GER"]
[WhiteTeam "SV Dicker Turm Esslingen"]
[BlackTeam "VfL Sindelfingen"]

1. e4 c6 2. d4 d5 3. Nc3 dxe4 4. Nxe4 Bf5 5. Ng3 Bg6 6. h4 h6 7. Nf3 Nd7 8. h5
Bh7 9. Bd3 Bxd3 10. Qxd3 e6 11. Bf4 Qa5+ 12. Bd2 Bb4 13. Ne4 Bxd2+ 14. Nfxd2
Qc7 15. Qa3 Ne7 16. Nc4 Nb6 17. Ned6+ Kf8 18. Ne5 f6 19. Ng6+ Nxg6 20. hxg6 Qe7
21. Nxb7 Qxa3 22. bxa3 Ke7 23. O-O-O Rab8 24. Nc5 Nd7 25. Nd3 Rb5 26. Rde1 Rhb8
27. Nb4 Rc8 28. Re2 a5 29. Nd3 Rcb8 30. Rhe1 Rb1+ 31. Kd2 Rxe1 32. Rxe1 Rb5 33.
f4 Nf8 34. Nc5 Kd6 35. g4 Rb8 36. f5 e5 37. Ne4+ Kd5 38. dxe5 Kxe5 39. Nc5+ Kf4
40. Re4+ Kf3 41. Rd4 Rb5 42. Rc4 Rb8 43. Nb3 Rd8+ 44. Kc3 Rd5 45. Nd2+ Kg2 46.
Rxc6 Nd7 47. Rc4 Ne5 48. Rc7 Nxg4 49. Rxg7 Rxf5 50. Rh7 Rg5 51. g7 f5 52. Kd3
Rg6 53. c4 Nf6 54. Rh8 f4 55. Rf8 f3 56. Rxf6 Rxg7 57. Nxf3 h5 58. Rg6+ 1-0